000 01135naa a22003017a 4500
001 BR8006561
003 BR-BrBNA
005 20240918174704.0
007 ta
008 230509b bl.||||| |||| 00| 0 por d
040 _aBR-BrBNA
_bpor
_cBiblioteca Nacional de Agricultura
041 _a(Pt)
072 _aP10; F23
_b/G514
_bGZ35
_bGZ65
090 _aP10 BR8006561
100 1 _aJimenez, A.F.
100 1 _aCarlstron, C.
111 1 _a2. Simposio de Conservacao de Solos do Planalto
_cPasso Fundo, RS (Brazil)
_d30 Jun - 4 Jul 1980
245 1 _aGeologia da bacia hidrografica do alto Vale do Rio Jacui [Rio Grande do Sul, Brasil]
260 3 _aPasso Fundo, RS (Brasil):
_c1980.
500 _aAnais do 2. Simposio de Conservacao de Solos do Planalto Passo Fundo, RS (Brasil): 1980. p. 156-163 (BR8006561-AM)P10
650 _aBACIA HIDROGRAFICA
650 _aGEOLOGIA
650 _aRIO JACUI
650 _aRIO GRANDE DO SUL
773 0 _tAnais do 2. Simposio de Conservacao de Solos do Planalto
_wP10 BR8006561
_gPasso Fundo, RS (Brasil), 1980. p. 156-163
909 _a202404
_bLucia
_c55
_dLucia Elande
942 _cAM
_2AGRIS
999 _c312885
_d312885